|
|
|
|
| LEADER |
00000nas a2200000 a 4500 |
| 001 |
ssj0001214047 |
| 003 |
WaSeSS |
| 005 |
20200512172242.0 |
| 006 |
m d |
| 007 |
cr n |
| 008 |
111115c20129999nz uu s 0 a0eng c |
| 010 |
|
|
|a 2015243478
|
| 016 |
7 |
|
|a 101629828
|2 DNLM
|
| 022 |
|
|
|a 2253-1572
|l 2253-1572
|
| 035 |
|
|
|a (WaSeSS)ssj0001214047
|
| 040 |
|
|
|a NZ1
|b eng
|c NZ1
|d OCLCO
|d CUS
|d OCLCF
|d EUW
|d NLM
|d OCLCQ
|d CASUM
|d OCLCA
|d OCLCQ
|d CUS
|d WaSeSS
|
| 042 |
|
|
|a pcc
|
| 050 |
1 |
4 |
|a RC271.V567
|
| 060 |
0 |
0 |
|a W1
|
| 082 |
0 |
4 |
|a 616.99406
|2 23
|
| 210 |
1 |
|
|a Oncolytic virother.
|
| 210 |
1 |
0 |
|a Oncolytic Virother
|2 dnlm
|
| 222 |
|
0 |
|a Oncolytic virotherapy
|
| 245 |
0 |
0 |
|a Oncolytic virotherapy
|h [electronic resource].
|
| 246 |
1 |
|
|i Title in HTML header:
|a Journal of oncolytic virotherapy
|
| 260 |
|
|
|a [Auckland, N.Z.] :
|b Dovepress,
|c ©2012-
|
| 362 |
1 |
|
|a Began with 2012:1.
|
| 506 |
|
|
|a License restrictions may limit access.
|
| 515 |
|
|
|a Articles added irregularly during the year and collected into annual issues.
|
| 538 |
|
|
|a Mode of access: World Wide Web.
|
| 588 |
|
|
|a Description based on: 2012:1; title from journal home page (viewed on Sept. 17, 2012).
|
| 588 |
|
|
|a Latest issue consulted: 2015:4 (viewed Dec. 3, 2015).
|
| 650 |
|
0 |
|a Viruses
|x Therapeutic use
|v Periodicals.
|
| 650 |
|
0 |
|a Cancer
|x Treatment
|v Periodicals.
|
| 650 |
1 |
2 |
|a Oncolytic Virotherapy.
|
| 650 |
|
7 |
|a Cancer
|x Treatment.
|2 fast
|0 (OCoLC)fst00845538
|
| 650 |
|
7 |
|a Viruses
|x Therapeutic use.
|2 fast
|0 (OCoLC)fst01167787
|
| 655 |
|
0 |
|a Electronic journals.
|
| 856 |
4 |
0 |
|z Full text available from Research Library: 01/01/2012 to present
|u https://search.proquest.com/publication/3933338
|